[Event "Reykjavik op"]
[Site "Reykjavik"]
[Date "2014.03.09"]
[Round "7"]
[White "Rache, Ralf"]
[Black "Einarsson, Oskar Long"]
[Result "1/2-1/2"]
[WhiteElo "1862"]
[BlackElo "1599"]
[PlyCount "71"]
[EventDate "2014.03.04"]
[EventType "swiss"]
[EventRounds "10"]
[EventCountry "ISL"]
[SourceTitle "CBM 159 Extra"]
[Source "ChessBase"]
[SourceDate "2014.04.24"]
[SourceVersion "1"]
[SourceVersionDate "2014.04.24"]
[SourceQuality "1"]

1. e4 c5 2. Nf3 d6 3. d4 Nf6 4. Nc3 cxd4 5. Nxd4 a6 6. Bc4 e6 7. Bb3 Be7 8. Be3 0-0 9. g4 b5 10. g5 Ne8 11. Rg1 g6 12. Qe2 Ng7 13. 0-0-0 Bb7 14. Qg4 b4 15. Nce2 Nd7 16. Ng3 a5 17. Ba4 Rc8 18. Nb5 Nb6 19. Bb3 Qe8 20. Nxd6 Bxd6 21. Rxd6 Rc6 22. Rgd1 Qb8 23. Bf4 Qa7 24. Be3 Qa6 25. Rxc6 Bxc6 26. Rd6 Nc8 27. Rd4 Nb6 28. Rd6 Rc8 29. Bxb6 Qxb6 30. Ba4 Ne8 31. Rxc6 Rxc6 32. Bxc6 Qxc6 33. Qe2 Nd6 34. Qd3 Qc5 35. Qd2 Nc4 36. Qd8+ 1/2-1/2

[Event "Reykjavik op"]
[Site "Reykjavik"]
[Date "2014.03.06"]
[Round "4"]
[White "Einarsson, Oskar Long"]
[Black "Magnusson, Thorsteinn"]
[Result "1-0"]
[WhiteElo "1599"]
[BlackElo "1234"]
[PlyCount "95"]
[EventDate "2014.03.04"]
[EventType "swiss"]
[EventRounds "10"]
[EventCountry "ISL"]
[SourceTitle "CBM 159 Extra"]
[Source "ChessBase"]
[SourceDate "2014.04.24"]
[SourceVersion "1"]
[SourceVersionDate "2014.04.24"]
[SourceQuality "1"]

1. e4 e6 2. d4 d5 3. Nd2 c5 4. c3 Nc6 5. Bb5 cxd4 6. cxd4 Bd7 7. Ne2 Bb4 8. e5 Nge7 9. Bd3 Qb6 10. a3 Bxd2+ 11. Bxd2 Nxd4 12. Be3 Nec6 13. Qa4 Qxb2 14. Bxd4 Nxd4 15. Qxd4 Qxd4 16. Nxd4 0-0 17. Bb5 Bxb5 18. Nxb5 Rfc8 19. 0-0 g6 20. Nd6 Rc2 21. Rfc1 Re2 22. Re1 Rc2 23. Nxb7 Rb8 24. Rab1 Rc3 25. a4 d4 26. Red1 d3 27. Kf1 Rbc8 28. Nd6 R8c6 29. Nb5 R3c5 30. Nxa7 Ra6 31. Nb5 Rxa4 32. Rxd3 Rxe5 33. Re3 Rxe3 34. fxe3 f5 35. Kf2 Kg7 36. Rd1 Kf6 37. Rd4 Rxd4 38. Nxd4 e5 39. Nc6 f4 40. e4 h5 41. h4 Ke6 42. Kf3 Kd6 43. Nb4 Ke6 44. Nd3 Kd6 45. Nxf4 exf4 46. Kxf4 Ke6 47. e5 Kf7 48. Kg5 1-0